000 00413cam a2200145ua 4500
041 _aeng
_h
082 _a828.09
_bTED/DY
100 _aTedlock, E W .
245 _aDylan thomas:the legend and the poet: a collection of biographical and critical essays /
_cE W Tedlock.
_hTextual Documents
260 _aLondon :
_bHeinemann ,
_c1963.
300 _a283 ; .
504 _a
942 _cBK
999 _c12646
_d12646